000 00357nam a22001457a 4500
003 macl
005 20180429150113.0
008 180429b xxu||||| |||| 00| 0 eng d
040 _cmacl
100 _aProf. Parsoon
_972529
245 _aDICTIONARY OF NURSING
260 _aDelhi
_bRajendra Pustak Kendra
_c2015
650 _aMedical
_972530
942 _2ddc
_cBK
999 _c58076
_d58076